00343nam a2200133Ia 4500003000400000008004100004020002300045040000800068100001600076245007400092260002300166300000800189365001200197LDD181029s9999 xx 000 0 und d a761955143cP 24.99 cLDD aJames, Paul 0aGlobalism Nationalism, tribalismbBringing Theory Back incPaul James aLondonbSagec2006 a2v. bP 24.99